000 01239nam a2200313 4500
001 177263
003 ES-MaACL
005 20230907110447.0
008 110310s2009 sp aeo |||| | spa d
017 _aAB 304-2009
020 _a9788496800274
080 _a592(282.246.12)
100 1 _aRueda Sevilla, Juan.
_9145552
245 1 0 _aAtlas fotográfico de los invertebrados acuáticos de la cuenca del río Júcar en la provincia de Albacete
_b: (incluye claves de determinación) /
_cJuan Rueda Sevilla, Ramón Hernández Villar.
260 _aAlbacete :
_bInstituto de Estudios Albacetenses "Don Juan Manuel",
_c2009.
300 _a323 p. :
_bil. col. y n., planos, fot. ;
_c24 cm.
490 1 _aSerie I. Estudios ;
_v187
500 _aÍndices.
504 _aBibliografía: p. 49-51.
650 7 _aInvertebrados-
_zJúcar (España, Río)
_9145553
650 0 4 _aInvertebrados.
_913891
700 1 _aHernández Villar, Ramón.
_9145554
710 2 _aInstituto de Estudios Albacetenses.
_94884
830 0 _aSerie I. Estudios ;
_v187
_9179228
852 _aES-MaACL
_9 184080
_bR.145420
_jA-11025
_dOlim: N-4030
_cDEPO1
942 _2udc
_cMONOGRAFIA
999 _c177263
_d177263